Tytuły utworów muzycznych z imionami - Statystyki

Ogólne statystyki
  • Ten quiz został rozwiązany 69 razy
  • Średni wynik to 10 z 30
Statystyki odpowiedzi
Wykonawca Tytuł % Poprawnych
Edyta Górniak To nie ja byłam {Ewą}
92%
Perfect Nie płacz {Ewka}
89%
Micheal Jackson {Billie} Jean
84%
The Beatles Hey {Jude}
69%
Bajm {Józek} nie daruje ci tej nocy
64%
Dżem Sen o {Victorii}
59%
Czerwone Gitary {Anna} Maria
56%
Rush {Tom} Sawyer
49%
Wanda i Banda Nie będę {Julią}
46%
Billy Joel Captain {Jack}
41%
Chłopcy z Placu Broni O {Ela}
41%
Eric Clapton {Layla}
34%
Chuck Berry {Johnny} B. Goode
33%
The Beatles {Lucy} in the Sky with Diamonds
25%
Ram Jam Black {Betty}
23%
The Beatles {Eleanor} Rigby
21%
The Rolling Stones Jumpin' {Jack} Flash
21%
Falco Rock me {Amadeus}
21%
Tom Petty {Mary} Jane Last Dance
18%
Jimi Hendrix Hey, {Joe}
16%
Gorillaz Dirty {Harry}
15%
Kim Carnes {Bette} Davis Eyes
13%
AC/DC Whole Lotta {Rosie}
13%
Dexy’s Midnight Runners Come On, {Eileen}
10%
The Knack My {Sharona}
10%
Paul Simon You Can Call Me {Al}
8%
Blink 182 {Adam's} Song
5%
Aerosmith {Janie's} Got a Gun
5%
Primus {Jerry} Was a Race Car Driver
5%
R.E.M. What’s the Frequency, {Kenneth}?
5%
Nie znaleziono quizów pasujących do podanych kryteriów
Rozkład punktacji
Procent ludzi z każdym wynikiem
Percentyl według liczby udzielonych odpowiedzi
Twoja historia wyników
Nie rozwiązałeś tego quizu